000 00252 a2200109 4500
999 _c243362
_d243362
001 8289
003 NUST
005 20180118184828.0
008 180118b xxu||||| |||| 00| 0 eng d
082 _a973 THI
100 _aThistlethwaite, F
_98964
245 _aThe Great Experiment
_hEnglish
260 _bCambridge
_a1955
942 _aNUST-CAE
_cBK
_cBK
_k973 THI
_2ddc